La sociedad rural chilena: desde la conquista española a nuestros dias
Na minha lista:
| Autor principal: | |
|---|---|
| Formato: | Livro |
| Idioma: | espanhol |
| Publicado em: |
Santiago
Andrés Bello
1994
|
| Assuntos: | |
| Tags: |
Adicionar Tag
Sem tags, seja o primeiro a adicionar uma tag!
|
MARC
| LEADER | 00000nam a2200000 a 4500 | ||
|---|---|---|---|
| 001 | UCY0181 | ||
| 003 | CL-VaPUC | ||
| 008 | 940718e19940000CL |||||||||||||||||spa|d | ||
| 082 | 0 | 4 | |a 983 |b BAU |2 21 |
| 100 | 0 | |a Bauer, Arnold J |e author |9 327814 | |
| 245 | 1 | 3 | |a La sociedad rural chilena: desde la conquista española a nuestros dias |
| 300 | |a 306 p | ||
| 942 | |c BK | ||
| 945 | |d 19940718 00:00:00 |a oaravena | ||
| 260 | |a Santiago |b Andrés Bello |c 1994 | ||
| 650 | 0 | |a Condiciones sociales |9 257278 | |
| 650 | 7 | |a CONDICIONES RURALES |2 CL-VaPUC |9 318555 | |
| 651 | 7 | |a CHILE |2 CL-VaPUC |9 327815 | |
| 583 | |a last modification |c 19940718 00:00:00 |k Rodrigo Vera | ||
| 999 | |c 229254 |d 229252 | ||
| 952 | |0 0 |1 0 |4 0 |6 983_000000000000000_BAU_1994 |7 0 |8 A |9 230130 |a BIBHIS |b BIBHIS |d 2019-11-15 |i 2991977 |o 983 BAU 1994 |p 2991977 |r 2025-01-20 |w 2019-11-15 |y BK |k HIS | ||
| 952 | |0 0 |1 0 |4 0 |6 983_000000000000000_BAU_1994 |7 0 |8 A |9 230131 |a BIBHIS |b BIBHIS |d 2019-11-15 |i 3216721 |l 1 |o 983 BAU 1994 |p 3216721 |r 2025-01-20 |s 2021-06-17 |w 2019-11-15 |y BK |k HIS | ||
| 952 | |0 0 |1 0 |4 0 |6 983_000000000000000_BAU_1994 |7 0 |8 A |9 230132 |a BIBAGR |b BIBAGR |d 2019-11-15 |i 3292312 |o 983 BAU 1994 |p 3292312 |r 2025-01-20 |w 2019-11-15 |y BK |k AGR | ||
| 952 | |0 0 |1 0 |4 0 |6 983_000000000000000_BAU_1994 |7 0 |8 A |9 230133 |a BIBAGR |b BIBAGR |d 2019-11-15 |i 3292320 |o 983 BAU 1994 |p 3292320 |r 2025-01-20 |w 2019-11-15 |y BK |k AGR | ||
| 952 | |0 0 |1 0 |4 0 |6 983_000000000000000_BAU_1994 |7 0 |8 A |9 230134 |a BIBAGR |b BIBAGR |d 2019-11-15 |i 3292339 |o 983 BAU 1994 |p 3292339 |r 2025-01-20 |w 2019-11-15 |y BK |k AGR | ||
| 952 | |0 0 |1 0 |4 0 |6 983_000000000000000_BAU_1994 |7 0 |8 A |9 230136 |a BIBAGR |b BIBAGR |d 2019-11-15 |i 3292355 |o 983 BAU 1994 |p 3292355 |r 2025-01-20 |w 2019-11-15 |y BK |k AGR | ||
| 952 | |0 0 |1 0 |4 0 |6 983_000000000000000_BAU_1994 |7 0 |8 A |9 230137 |a BIBAGR |b BIBAGR |d 2019-11-15 |i 3292363 |o 983 BAU 1994 |p 3292363 |r 2025-01-20 |w 2019-11-15 |y BK |k AGR | ||
| 952 | |0 0 |1 0 |4 0 |6 983_000000000000000_BAU_1994 |7 0 |8 A |9 230138 |a BIBAGR |b BIBAGR |d 2019-11-15 |i 3292371 |o 983 BAU 1994 |p 3292371 |r 2025-01-20 |w 2019-11-15 |y BK |k AGR | ||
| 952 | |0 0 |1 0 |4 0 |6 983_000000000000000_BAU_1994 |7 0 |8 A |9 230139 |a BIBAGR |b BIBAGR |d 2019-11-15 |i 329238K |o 983 BAU 1994 |p 329238K |r 2025-01-20 |w 2019-11-15 |y BK |k AGR | ||
| 952 | |0 0 |1 0 |4 0 |6 983_000000000000000_BAU_1994 |7 0 |8 A |9 230140 |a BIBHIS |b BIBHIS |d 2019-11-15 |i 3486745 |l 1 |m 11 |o 983 BAU 1994 |p 3486745 |r 2025-01-20 |s 2022-03-29 |w 2019-11-15 |y BK |k HIS | ||
| 952 | |0 0 |1 0 |4 0 |6 983_000000000000000_BAU_1994 |7 0 |8 A |9 230141 |a BIBTEO |b BIBTEO |d 2019-11-15 |i 3603180 |o 983 BAU 1994 |p 3603180 |r 2025-01-17 |w 2019-11-15 |y BK |k ICR | ||